New age almanac

Bibliographic Details
Main Author: Melton, J. Gordon
Other Authors: Clark, Jerome, Kelly, Aidan A
Format: Book
Published: New York : Visible Ink , 1991
Subjects:

MARC

LEADER 00000cam a2200000 7i4500
001 0000000025
002 000000034
005 20000330.0
020 |a 0810394022 
090 0 0 |a 030   |b MEL 
100 1 |a Melton, J. Gordon 
245 1 0 |a New age almanac   |c J. Gordon Melton 
260 |a New York :   |b Visible Ink ,   |c 1991 
300 |a 479p. ;   |c 22cm. 
650 0 0 |a Almanacs 
700 1 |a Clark, Jerome 
700 1 |a Kelly, Aidan A 
999 |a 027821   |b BUKU   |c PINJAMAN   |e PERPUSTAKAAN KOMUNITI PETALING JAYA